<?xml version="1.0" encoding="UTF-8"?>
<record
    xmlns:xsi="http://www.w3.org/2001/XMLSchema-instance"
    xsi:schemaLocation="http://www.loc.gov/MARC21/slim http://www.loc.gov/standards/marcxml/schema/MARC21slim.xsd"
    xmlns="http://www.loc.gov/MARC21/slim">

  <leader>03363njm a2200553Ia 4500</leader>
  <controlfield tag="001">25616</controlfield>
  <controlfield tag="003">IT-RoPAU</controlfield>
  <controlfield tag="005">20220918181119.0</controlfield>
  <controlfield tag="008">131025s9999    xx            000 0 und d</controlfield>
  <datafield tag="040" ind1=" " ind2=" ">
    <subfield code="a">IT-RoPAU</subfield>
  </datafield>
  <datafield tag="040" ind1=" " ind2=" ">
    <subfield code="c">IT-RoPAU</subfield>
  </datafield>
  <datafield tag="041" ind1=" " ind2=" ">
    <subfield code="a">INGLESE</subfield>
  </datafield>
  <datafield tag="999" ind1=" " ind2=" ">
    <subfield code="c">99617</subfield>
    <subfield code="d">99617</subfield>
  </datafield>
  <datafield tag="999" ind1=" " ind2=" ">
    <subfield code="b">n.d.</subfield>
  </datafield>
  <datafield tag="100" ind1=" " ind2=" ">
    <subfield code="a">AA.VV.</subfield>
    <subfield code="9">794</subfield>
  </datafield>
  <datafield tag="100" ind1=" " ind2=" ">
    <subfield code="e">Autore musica</subfield>
    <subfield code="9">12575</subfield>
  </datafield>
  <datafield tag="100" ind1=" " ind2=" ">
    <subfield code="g">Codice autore musica SPICS: 12000</subfield>
    <subfield code="9">796</subfield>
  </datafield>
  <datafield tag="245" ind1=" " ind2=" ">
    <subfield code="a">Ses chanteurs et son orchestre</subfield>
  </datafield>
  <datafield tag="250" ind1=" " ind2=" ">
    <subfield code="a">1a ed.</subfield>
  </datafield>
  <datafield tag="260" ind1=" " ind2=" ">
    <subfield code="a">PARIS</subfield>
  </datafield>
  <datafield tag="260" ind1=" " ind2=" ">
    <subfield code="b">PICKWICK RECORD</subfield>
  </datafield>
  <datafield tag="300" ind1=" " ind2=" ">
    <subfield code="a">DISCO</subfield>
  </datafield>
  <datafield tag="300" ind1=" " ind2=" ">
    <subfield code="c">33 minuti (Testo:  pag.)</subfield>
  </datafield>
  <datafield tag="500" ind1=" " ind2=" ">
    <subfield code="a">Musica strumentale. Canzone</subfield>
  </datafield>
  <datafield tag="505" ind1=" " ind2=" ">
    <subfield code="a">Brazil (4:00) - Memories Are Made of This (3:00) - I've Got You Under My Skin (3:00) - Volare (3:00) - They Cant't Take That Away From Me (4:00) - Greenfields (4:00) - Melodie d'amour (3:00) - Days of Wine and Roses (3:00) - Spanish Eyes (3:00) - Somewhere My Love (3_00) - Mrs. Robinson (3:00) - Up, Up, and Away (3:00)</subfield>
  </datafield>
  <datafield tag="650" ind1=" " ind2=" ">
    <subfield code="a">CANZONE [DISCHI]</subfield>
    <subfield code="e">Codice MATERIA SPICS: 9950</subfield>
    <subfield code="9">920</subfield>
  </datafield>
  <datafield tag="700" ind1=" " ind2=" ">
    <subfield code="a">Conniff Ray</subfield>
    <subfield code="g">Codice interprete SPICS: 7977</subfield>
    <subfield code="e">Interprete</subfield>
    <subfield code="9">12576</subfield>
  </datafield>
  <datafield tag="700" ind1=" " ind2=" ">
    <subfield code="a">Russell S.A.</subfield>
    <subfield code="g">Codice autore musica SPICS: 16045</subfield>
    <subfield code="e">Autore musica</subfield>
    <subfield code="p">Brazil</subfield>
    <subfield code="9">12577</subfield>
  </datafield>
  <datafield tag="700" ind1=" " ind2=" ">
    <subfield code="a">Miller Fred</subfield>
    <subfield code="g">Codice autore musica SPICS: 16046</subfield>
    <subfield code="e">Autore musica</subfield>
    <subfield code="p">Memories Are Made of This - Greenfields</subfield>
    <subfield code="9">12578</subfield>
  </datafield>
  <datafield tag="700" ind1=" " ind2=" ">
    <subfield code="a">Dehr</subfield>
    <subfield code="g">Codice autore SPICS: 27700</subfield>
    <subfield code="e">Autore</subfield>
    <subfield code="p">Memories Are Made of This - Greenfields</subfield>
    <subfield code="9">12579</subfield>
  </datafield>
  <datafield tag="700" ind1=" " ind2=" ">
    <subfield code="a">Gilkyson</subfield>
    <subfield code="g">Codice autore testo/musica SPICS: 14183</subfield>
    <subfield code="e">Autore testo/musica</subfield>
    <subfield code="p">Memories Are Made of This - Greenfields</subfield>
    <subfield code="9">12580</subfield>
  </datafield>
  <datafield tag="700" ind1=" " ind2=" ">
    <subfield code="a">Porter Cole</subfield>
    <subfield code="g">Codice autore musica SPICS: 13034</subfield>
    <subfield code="e">Autore musica</subfield>
    <subfield code="p">I've Got You Under My Skin</subfield>
    <subfield code="9">12581</subfield>
  </datafield>
  <datafield tag="700" ind1=" " ind2=" ">
    <subfield code="a">Modugno Domenico</subfield>
    <subfield code="g">Codice autore musica SPICS: 12142</subfield>
    <subfield code="e">Autore musica</subfield>
    <subfield code="p">Volare</subfield>
    <subfield code="9">12582</subfield>
  </datafield>
  <datafield tag="700" ind1=" " ind2=" ">
    <subfield code="a">Migliacci Franco</subfield>
    <subfield code="g">Codice autore testo/musica SPICS: 13653</subfield>
    <subfield code="e">Autore testo/musica</subfield>
    <subfield code="p">Volare</subfield>
    <subfield code="9">12583</subfield>
  </datafield>
  <datafield tag="700" ind1=" " ind2=" ">
    <subfield code="a">Gershwin Ira</subfield>
    <subfield code="g">Codice autore musica SPICS: 10501</subfield>
    <subfield code="e">Autore musica</subfield>
    <subfield code="p">They Cant't Take That Away From Me</subfield>
    <subfield code="9">12584</subfield>
  </datafield>
  <datafield tag="700" ind1=" " ind2=" ">
    <subfield code="a">Gershwin George</subfield>
    <subfield code="g">Codice autore testo/musica SPICS: 10668</subfield>
    <subfield code="e">Autore testo/musica</subfield>
    <subfield code="p">They Cant't Take That Away From Me</subfield>
    <subfield code="9">12585</subfield>
  </datafield>
  <datafield tag="700" ind1=" " ind2=" ">
    <subfield code="a">Johnson Lonnie</subfield>
    <subfield code="g">Codice autore musica SPICS: 16173</subfield>
    <subfield code="e">Autore musica</subfield>
    <subfield code="p">Melodie d'amour</subfield>
    <subfield code="9">12586</subfield>
  </datafield>
  <datafield tag="700" ind1=" " ind2=" ">
    <subfield code="a">Salvador H.</subfield>
    <subfield code="g">Codice autore SPICS: 27701</subfield>
    <subfield code="e">Autore</subfield>
    <subfield code="p">Melodie d'amour</subfield>
    <subfield code="9">12587</subfield>
  </datafield>
  <datafield tag="700" ind1=" " ind2=" ">
    <subfield code="a">Gabriel</subfield>
    <subfield code="g">Codice autore testo/musica SPICS: 27136</subfield>
    <subfield code="e">Autore testo/musica</subfield>
    <subfield code="p">Melodie d'amour</subfield>
    <subfield code="9">12588</subfield>
  </datafield>
  <datafield tag="700" ind1=" " ind2=" ">
    <subfield code="a">Mancini Henry</subfield>
    <subfield code="g">Codice autore musica SPICS: 11002</subfield>
    <subfield code="e">Autore musica</subfield>
    <subfield code="p">Days of Wine and Roses</subfield>
    <subfield code="9">12589</subfield>
  </datafield>
  <datafield tag="700" ind1=" " ind2=" ">
    <subfield code="a">Mercer Len</subfield>
    <subfield code="g">Codice autore SPICS: 13923</subfield>
    <subfield code="e">Autore</subfield>
    <subfield code="p">Days of Wine and Roses</subfield>
    <subfield code="9">12590</subfield>
  </datafield>
  <datafield tag="700" ind1=" " ind2=" ">
    <subfield code="a">Snyder E.</subfield>
    <subfield code="g">Codice autore musica SPICS: 14485</subfield>
    <subfield code="e">Autore musica</subfield>
    <subfield code="p">Spanish Eyes</subfield>
    <subfield code="9">12591</subfield>
  </datafield>
  <datafield tag="700" ind1=" " ind2=" ">
    <subfield code="a">Kaempfert Bert</subfield>
    <subfield code="g">Codice autore SPICS:  8041</subfield>
    <subfield code="e">Autore</subfield>
    <subfield code="p">Spanish Eyes</subfield>
    <subfield code="9">12592</subfield>
  </datafield>
  <datafield tag="700" ind1=" " ind2=" ">
    <subfield code="a">Singleton C.</subfield>
    <subfield code="g">Codice autore testo/musica SPICS: 15856</subfield>
    <subfield code="e">Autore musica</subfield>
    <subfield code="p">Spanish Eyes</subfield>
    <subfield code="9">12593</subfield>
  </datafield>
  <datafield tag="700" ind1=" " ind2=" ">
    <subfield code="a">Jarre Maurice</subfield>
    <subfield code="g">Codice autore musica SPICS: 10958</subfield>
    <subfield code="e">Autore musica</subfield>
    <subfield code="p">Somewhere My Love</subfield>
    <subfield code="9">12594</subfield>
  </datafield>
  <datafield tag="700" ind1=" " ind2=" ">
    <subfield code="a">Webster Frank</subfield>
    <subfield code="g">Codice autore SPICS:  6055</subfield>
    <subfield code="e">Autore</subfield>
    <subfield code="p">Somewhere My Love</subfield>
    <subfield code="9">12595</subfield>
  </datafield>
  <datafield tag="700" ind1=" " ind2=" ">
    <subfield code="a">Simon Paul</subfield>
    <subfield code="g">Codice autore musica SPICS: 11156</subfield>
    <subfield code="e">Autore musica</subfield>
    <subfield code="p">Mrs. Robinson</subfield>
    <subfield code="9">12596</subfield>
  </datafield>
  <datafield tag="700" ind1=" " ind2=" ">
    <subfield code="a">Webb Jim</subfield>
    <subfield code="g">Codice autore musica SPICS: 15993</subfield>
    <subfield code="e">Autore musica</subfield>
    <subfield code="p">Up, Up, and Away</subfield>
    <subfield code="9">12597</subfield>
  </datafield>
  <datafield tag="942" ind1=" " ind2=" ">
    <subfield code="c">MD</subfield>
    <subfield code="2">ddc</subfield>
  </datafield>
  <datafield tag="952" ind1=" " ind2=" ">
    <subfield code="0">0</subfield>
    <subfield code="1">0</subfield>
    <subfield code="4">0</subfield>
    <subfield code="6">25616_000000000000000</subfield>
    <subfield code="7">1</subfield>
    <subfield code="a">SPICS</subfield>
    <subfield code="b">SPICS</subfield>
    <subfield code="d">2013-10-25</subfield>
    <subfield code="l">0</subfield>
    <subfield code="o">25616</subfield>
    <subfield code="r">2013-10-25 00:00:00</subfield>
    <subfield code="w">2013-10-25</subfield>
    <subfield code="y">MD</subfield>
    <subfield code="z">Progr. Ins.: 5490 / N.Vol.: 1 / Copie: 1 - Copia rara: n.d. / date import: 01.01.2014 - By Epidotti, Trombetti, Vaglietti</subfield>
  </datafield>
</record>
